[Event "Gothenburg op"]
[Site "Gothenburg"]
[Date "2018.08.19"]
[Round "7"]
[White "Bengtsson, Tage"]
[Black "Rasti, Arvin"]
[Result "1/2-1/2"]
[WhiteElo "2001"]
[BlackElo "2091"]
[PlyCount "24"]
[EventDate "2018.08.17"]
[EventType "swiss"]
[EventRounds "8"]
[EventCountry "SWE"]
[SourceTitle "CBM 186 Extra"]
[Source "ChessBase"]
[SourceDate "2018.08.24"]
[SourceVersion "1"]
[SourceVersionDate "2018.08.24"]
[SourceQuality "1"]

1. c4 e6 2. Nc3 d5 3. d4 c6 4. e4 dxe4 5. Nxe4 Bb4+ 6. Nc3 Nf6 7. Nf3 0-0 8. Bd3 Nbd7 9. 0-0 Qc7 10. Bg5 Bxc3 11. bxc3 b6 12. Qe2 Bb7 1/2-1/2

[Event "Norrkoeping Easter op"]
[Site "Norrkoeping"]
[Date "2018.03.31"]
[Round "4"]
[White "Pantzar, Milton"]
[Black "Bengtsson, Tage"]
[Result "1-0"]
[WhiteElo "2263"]
[BlackElo "1995"]
[PlyCount "136"]
[EventDate "2018.03.30"]
[EventType "swiss"]
[EventRounds "9"]
[EventCountry "SWE"]
[SourceTitle "CBM 183 Extra"]
[Source "ChessBase"]
[SourceDate "2018.04.19"]
[SourceVersion "1"]
[SourceVersionDate "2018.04.19"]
[SourceQuality "1"]

1. Nf3 c5 2. g3 Nc6 3. Bg2 d5 4. c4 e6 5. cxd5 exd5 6. d4 Nf6 7. 0-0 Be7 8. dxc5 Bxc5 9. a3 0-0 10. b4 Bb6 11. Bb2 Re8 12. Nc3 Bg4 13. Na4 Bc7 14. Nc5 b6 15. Nb3 Rc8 16. Rc1 Bb8 17. Re1 Ne5 18. Nxe5 Bxe5 19. Bxe5 Rxe5 20. Nd4 Qe8 21. Rxc8 Qxc8 22. Qc1 Qc4 23. e3 Re8 24. Bf1 Qc8 25. Qb2 Bd7 26. Rc1 Qb8 27. Bg2 Rc8 28. Rc3 Rxc3 29. Qxc3 Qd6 30. Ne2 Kf8 31. Qd3 Qe5 32. Nc3 Bc6 33. f4 Qe7 34. Bf3 Qe6 35. Qd4 g6 36. Kg2 h5 37. a4 Ne4 38. Bxe4 dxe4 39. a5 bxa5 40. bxa5 a6 41. Kf2 Ke8 42. Qc5 Bb7 43. Qb4 Qc6 44. Ne2 Qd7 45. Nd4 Bd5 46. Qb8+ Qd8 47. Qb4 Qd7 48. Qc5 Qb7 49. Qc3 Qd7 50. Qb4 Qb7 51. Qc3 Qd7 52. Kg2 h4 53. Qb4 hxg3 54. Kxg3 Bb7 55. Qc5 Bc8 56. Qe5+ Qe7 57. Nc6 Qxe5 58. fxe5 g5 59. h4 gxh4+ 60. Kxh4 Bb7 61. Nd4 Ke7 62. Kg5 Bc8 63. Kf4 Bb7 64. Kf5 Bd5 65. Kf4 f6 66. Kf5 fxe5 67. Kxe5 Bb7 68. Nb3 Kd7 1-0

[Event "Politiken Cup 37th"]
[Site "Helsingor"]
[Date "2015.07.31"]
[Round "8"]
[White "Bengtsson, Tage"]
[Black "Jacobsen, Heidrikur Tindskar"]
[Result "1/2-1/2"]
[WhiteElo "2076"]
[BlackElo "1902"]
[PlyCount "78"]
[EventDate "2015.07.25"]
[EventType "swiss"]
[EventRounds "10"]
[EventCountry "DEN"]
[SourceTitle "CBM 167 Extra"]
[Source "ChessBase"]
[SourceDate "2015.09.14"]
[SourceVersion "1"]
[SourceVersionDate "2015.09.14"]
[SourceQuality "1"]

1. d4 Nf6 2. c4 g6 3. Nc3 Bg7 4. e4 d6 5. Be2 0-0 6. Bg5 c6 7. Qd2 Qa5 8. f3 a6 9. Rb1 b5 10. b4 Qc7 11. Bh6 bxc4 12. Bxg7 Kxg7 13. Bxc4 Bb7 14. Nge2 Nbd7 15. 0-0 c5 16. bxc5 dxc5 17. e5 Ne8 18. Rxb7 Qxb7 19. Bd5 Qa7 20. Bxa8 Qxa8 21. e6 fxe6 22. dxc5 Qc6 23. Ne4 Ndf6 24. N2g3 Nxe4 25. Nxe4 Rf5 26. Qc3+ Kg8 27. Rb1 Rd5 28. h4 h6 29. g4 e5 30. Kg2 Rd4 31. Qb3+ Kg7 32. Qb7 Qe6 33. Rb2 Rc4 34. Qc7 Rxe4 35. fxe4 Qxg4+ 36. Kf1 Qd1+ 37. Kg2 Qg4+ 38. Kf1 Qd1+ 39. Kg2 Qg4+ 1/2-1/2

[Event "Politiken Cup 37th"]
[Site "Helsingor"]
[Date "2015.07.30"]
[Round "7"]
[White "Smith, Thijmen"]
[Black "Bengtsson, Tage"]
[Result "1-0"]
[WhiteElo "2252"]
[BlackElo "2076"]
[PlyCount "109"]
[EventDate "2015.07.25"]
[EventType "swiss"]
[EventRounds "10"]
[EventCountry "DEN"]
[SourceTitle "CBM 167 Extra"]
[Source "ChessBase"]
[SourceDate "2015.09.14"]
[SourceVersion "1"]
[SourceVersionDate "2015.09.14"]
[SourceQuality "1"]

1. e4 c6 2. c4 e5 3. Nf3 d6 4. Nc3 Nd7 5. d4 Ngf6 6. Be2 Be7 7. 0-0 0-0 8. h3 Re8 9. Re1 Qc7 10. Bf1 Nf8 11. Be3 Ng6 12. Qd2 Nd7 13. Rad1 Ndf8 14. Qc2 Nh4 15. Nxh4 Bxh4 16. g3 Bf6 17. Kh2 exd4 18. Bxd4 Bxd4 19. Rxd4 Ng6 20. Red1 Ne5 21. Rxd6 Be6 22. c5 Qa5 23. f4 Nc4 24. Bxc4 Bxc4 25. Qf2 f6 26. Qd4 Bf7 27. a3 Bb3 28. Rd2 Re7 29. Rd8+ Rxd8 30. Qxd8+ Qxd8 31. Rxd8+ Kf7 32. Kg2 Rc7 33. Kf3 Be6 34. f5 Bb3 35. Ke3 Re7 36. g4 h6 37. Ne2 Bd5 38. Nc3 Bb3 39. Rd4 Ke8 40. Rb4 Bf7 41. Rd4 Bb3 42. Ne2 Bg8 43. Nf4 Bf7 44. Rd6 Rc7 45. Kd4 b6 46. Nd3 Ke7 47. b4 Be8 48. e5 b5 49. exf6+ gxf6 50. Nf2 a5 51. Ne4 axb4 52. axb4 Rd7 53. Ke3 Rxd6 54. cxd6+ Kf7 55. Kd4 1-0

[Event "Politiken Cup 37th"]
[Site "Helsingor"]
[Date "2015.07.28"]
[Round "5"]
[White "Hojgaard, Brandur"]
[Black "Bengtsson, Tage"]
[Result "0-1"]
[WhiteElo "1787"]
[BlackElo "2076"]
[PlyCount "98"]
[EventDate "2015.07.25"]
[EventType "swiss"]
[EventRounds "10"]
[EventCountry "DEN"]
[SourceTitle "CBM 167 Extra"]
[Source "ChessBase"]
[SourceDate "2015.09.14"]
[SourceVersion "1"]
[SourceVersionDate "2015.09.14"]
[SourceQuality "1"]

1. d4 d5 2. c4 e6 3. Nc3 c5 4. cxd5 exd5 5. Nf3 Nc6 6. Bf4 Nf6 7. e3 a6 8. Be2 Be7 9. 0-0 0-0 10. h3 Bf5 11. a3 c4 12. Nd2 b5 13. f3 Qb6 14. Bg3 Bg6 15. f4 Be4 16. Bf3 Bd3 17. Be2 Bxe2 18. Qxe2 Rad8 19. Nf3 a5 20. Ne5 b4 21. Nd1 Ne4 22. Qg4 f5 23. Qf3 bxa3 24. bxa3 Nd2 25. Qe2 Nxf1 26. Kxf1 Rd6 27. Nc3 Nxe5 28. fxe5 Rd7 29. Rb1 Qg6 30. Be1 Bxa3 31. Rb5 Qc6 32. Rxa5 Bb4 33. Ra2 Bxc3 34. Bxc3 Rb7 35. Rb2 Rfb8 36. Rxb7 Rxb7 37. Qd2 Qb5 38. Ke2 Qb1 39. Qd1 Qxd1+ 40. Kxd1 Rb3 41. Kc2 Kf7 42. Kd2 Ke6 43. Kc2 g5 44. Bd2 Rd3 45. g3 f4 46. exf4 Rxg3 47. fxg5 Rxh3 48. Bb4 Rg3 49. Bd2 Rd3 0-1

[Event "Politiken Cup 37th"]
[Site "Helsingor"]
[Date "2015.07.26"]
[Round "2"]
[White "Bengtsson, Tage"]
[Black "Sorensen, Bernhard"]
[Result "1-0"]
[WhiteElo "2076"]
[BlackElo "1704"]
[PlyCount "97"]
[EventDate "2015.07.25"]
[EventType "swiss"]
[EventRounds "10"]
[EventCountry "DEN"]
[SourceTitle "CBM 167 Extra"]
[Source "ChessBase"]
[SourceDate "2015.09.14"]
[SourceVersion "1"]
[SourceVersionDate "2015.09.14"]
[SourceQuality "1"]

1. e4 e6 2. d4 d5 3. Nd2 dxe4 4. Nxe4 Bd7 5. Nf3 Bc6 6. Bd3 Nd7 7. c4 Bb4+ 8. Nc3 Ngf6 9. 0-0 0-0 10. a3 Be7 11. Re1 b6 12. Qe2 Bxf3 13. Qxf3 c5 14. d5 exd5 15. cxd5 Bd6 16. Bf4 Qb8 17. Bxd6 Qxd6 18. Rad1 Rfe8 19. Bb5 Rxe1+ 20. Rxe1 Re8 21. Rxe8+ Nxe8 22. Qf5 Nef6 23. h3 g6 24. Qg5 Kg7 25. Qd2 Nf8 26. Qd1 h6 27. Bc4 Qf4 28. Qe2 N8d7 29. g3 Qb8 30. f4 Qd8 31. Qd3 Nb8 32. Kg2 Qc8 33. Nd1 Qe8 34. Nf2 Nbd7 35. Bb5 Qd8 36. Bc4 Nb8 37. g4 Qd6 38. Qf3 Nbd7 39. a4 Qe7 40. h4 Ng8 41. g5 hxg5 42. hxg5 f6 43. Ne4 fxg5 44. d6 Qd8 45. Qc3+ Kf8 46. Qh8 Ndf6 47. Nxf6 Qxd6 48. Qxg8+ Ke7 49. Qe8+ 1-0

[Event "Politiken Cup 37th"]
[Site "Helsingor"]
[Date "2015.07.26"]
[Round "3"]
[White "Tarjan, James Edward"]
[Black "Bengtsson, Tage"]
[Result "1-0"]
[WhiteElo "2490"]
[BlackElo "2076"]
[PlyCount "59"]
[EventDate "2015.07.25"]
[EventType "swiss"]
[EventRounds "10"]
[EventCountry "DEN"]
[SourceTitle "CBM 167 Extra"]
[Source "ChessBase"]
[SourceDate "2015.09.14"]
[SourceVersion "1"]
[SourceVersionDate "2015.09.14"]
[SourceQuality "1"]

1. c4 e6 2. d4 d5 3. Nf3 c5 4. cxd5 exd5 5. Nc3 Nc6 6. dxc5 d4 7. Na4 b5 8. cxb6 axb6 9. e3 Bb4+ 10. Bd2 Bd7 11. Bb5 Ra5 12. Bxb4 Nxb4 13. Bxd7+ Qxd7 14. b3 dxe3 15. 0-0 Nf6 16. Qxd7+ Nxd7 17. fxe3 Ke7 18. Rfd1 Rb8 19. Rd2 Nf6 20. Rc1 Rb7 21. Rc4 Na6 22. Nd4 Nb8 23. Rc8 Nfd7 24. e4 g6 25. Nc3 f6 26. Nd5+ Kf7 27. b4 Ra4 28. Nb5 Kg7 29. a3 Nf8 30. Nd6 1-0

[Event "Koge Xtracon op"]
[Site "Koge"]
[Date "2013.10.19"]
[Round "8"]
[White "Bengtsson, Tage"]
[Black "Jorgensen, Rasmus"]
[Result "1-0"]
[WhiteElo "2099"]
[BlackElo "2062"]
[PlyCount "143"]
[EventDate "2013.10.14"]
[EventType "swiss"]
[EventRounds "9"]
[EventCountry "DEN"]
[SourceTitle "EXT 2014"]
[Source "ChessBase"]
[SourceDate "2013.11.20"]
[SourceVersion "1"]
[SourceVersionDate "2013.11.20"]
[SourceQuality "1"]

1. d4 g6 2. c4 Nf6 3. Nc3 Bg7 4. e4 d6 5. Be2 0-0 6. Bg5 Na6 7. Nf3 e5 8. 0-0 h6 9. Be3 exd4 10. Nxd4 Nc5 11. f3 a5 12. Rc1 Re8 13. Re1 Nh7 14. Nb3 Ne6 15. Qd2 a4 16. Nd4 Ra5 17. Ncb5 c6 18. b4 Ra8 19. Nxe6 Rxe6 20. Nd4 Re8 21. Bxh6 Be5 22. Bf4 Nf6 23. Nc2 Nh5 24. Bxe5 dxe5 25. Qxd8 Rxd8 26. Red1 Be6 27. a3 Nf4 28. Bf1 b5 29. Ne3 Rd4 30. g3 Nh3+ 31. Bxh3 Bxh3 32. cxb5 cxb5 33. g4 Rad8 34. Nd5 f5 35. Rxd4 exd4 36. Kf2 fxg4 37. fxg4 Rf8+ 38. Kg3 Bf1 39. Nf4 Bc4 40. Nxg6 Re8 41. Kf4 d3 42. Ke3 Bd5 43. e5 Kg7 44. Rc5 Bc4 45. Nf4 Rd8 46. Kd2 Rd4 47. Nh5+ Kf7 48. h3 Re4 49. Ng3 Rf4 50. e6+ Kxe6 51. Rf5 Rd4 52. Rf3 Rd8 53. Nh5 Kd5 54. g5 Ke4 55. Rg3 Kf5 56. Nf6 Rd4 57. Rg4 Rxg4 58. Nxg4 Kxg5 59. Ne5 Be6 60. Kxd3 Bxh3 61. Kd4 Kf5 62. Nc6 Kf4 63. Na7 Bd7 64. Kc5 Ke4 65. Nxb5 Kd3 66. Nd6 Kc3 67. b5 Kb3 68. b6 Bg4 69. b7 Kxa3 70. Nc4+ Ka2 71. b8Q a3 72. Qb4 1-0

[Event "Koge Xtracon op"]
[Site "Koge"]
[Date "2013.10.17"]
[Round "4"]
[White "Bengtsson, Tage"]
[Black "Andersen, Daniel"]
[Result "1/2-1/2"]
[WhiteElo "2099"]
[BlackElo "1933"]
[PlyCount "76"]
[EventDate "2013.10.14"]
[EventType "swiss"]
[EventRounds "9"]
[EventCountry "DEN"]
[SourceTitle "EXT 2014"]
[Source "ChessBase"]
[SourceDate "2013.11.20"]
[SourceVersion "1"]
[SourceVersionDate "2013.11.20"]
[SourceQuality "1"]

1. d4 e6 2. e4 d5 3. Nd2 c5 4. Ngf3 cxd4 5. exd5 Qxd5 6. Bc4 Qd6 7. 0-0 Nf6 8. Nb3 Nc6 9. Nbxd4 Nxd4 10. Qxd4 Qxd4 11. Nxd4 Bc5 12. Nb5 0-0 13. Bf4 Bd7 14. Bd3 Nd5 15. Bd6 Bxb5 16. Bxf8 Bxd3 17. Bxc5 Bxf1 18. Kxf1 b6 19. Bd4 Rc8 20. c3 f6 21. Ke2 e5 22. Be3 Kf7 23. a4 a6 24. Bd2 Ke6 25. Rc1 Ne7 26. b4 b5 27. Ra1 Rc7 28. axb5 axb5 29. Ra5 Rb7 30. Kd3 Nc6 31. Ra8 Kd5 32. f3 f5 33. Rf8 g6 34. Be3 Rd7 35. Rc8 Rf7 36. Ke2 e4 37. fxe4+ fxe4 38. Bf2 Rd7 1/2-1/2

[Event "Koge Xtracon op"]
[Site "Koge"]
[Date "2013.10.15"]
[Round "2"]
[White "Bengtsson, Tage"]
[Black "Rendboe, John Filip"]
[Result "0-1"]
[WhiteElo "2099"]
[BlackElo "2214"]
[PlyCount "76"]
[EventDate "2013.10.14"]
[EventType "swiss"]
[EventRounds "9"]
[EventCountry "DEN"]
[SourceTitle "EXT 2014"]
[Source "ChessBase"]
[SourceDate "2013.11.20"]
[SourceVersion "1"]
[SourceVersionDate "2013.11.20"]
[SourceQuality "1"]

1. d4 d5 2. c4 e6 3. Nf3 Nf6 4. e3 Be7 5. Bd3 0-0 6. 0-0 b6 7. Nbd2 Bb7 8. b3 Nbd7 9. Bb2 Ne4 10. Rc1 f5 11. Qe2 a5 12. Ne1 Bd6 13. f4 a4 14. Ndf3 Qe7 15. Nc2 Ndf6 16. Ne5 axb3 17. axb3 Ra2 18. Rb1 Rfa8 19. Qe1 c5 20. Qc1 Qe8 21. Ra1 Rxa1 22. Bxa1 Qh5 23. Nf3 g5 24. dxc5 Nxc5 25. Bxf6 Nxd3 26. Qd1 Nc5 27. b4 Ne4 28. Bb2 Qg6 29. Qd4 dxc4 30. Nce1 gxf4 31. exf4 Bd5 32. Ne5 Qg7 33. Qxb6 Rb8 34. Qe3 Rxb4 35. Bd4 Rb3 36. Qc1 c3 37. N1d3 Nd2 38. Rf2 Rb1 0-1

[Event "SWE-chT2 1213"]
[Site "Sweden"]
[Date "2013.03.17"]
[Round "9"]
[White "Bengtsson, Tage"]
[Black "Kassani, Sam"]
[Result "1-0"]
[WhiteElo "2097"]
[BlackElo "2099"]
[PlyCount "59"]
[EventDate "2012.10.20"]
[EventType "team-tourn"]
[EventRounds "9"]
[EventCountry "SWE"]
[SourceTitle "EXT 2015"]
[Source "ChessBase"]
[SourceDate "2014.11.20"]
[SourceVersion "1"]
[SourceVersionDate "2014.11.20"]
[SourceQuality "1"]
[WhiteTeam "Majorna"]
[BlackTeam "Sollentuna"]
[WhiteTeamCountry "SWE"]
[BlackTeamCountry "SWE"]

1. d4 Nf6 2. c4 c6 3. e3 d5 4. Bd3 a6 5. Nf3 b5 6. b3 g6 7. 0-0 Bg7 8. Nbd2 0-0 9. a4 b4 10. e4 dxe4 11. Nxe4 Nxe4 12. Bxe4 f5 13. Bb1 c5 14. Ra2 cxd4 15. Re1 Nc6 16. Bf4 Bb7 17. Rd2 Qa5 18. Re6 Qc5 19. Ne1 Bc8 20. Nd3 Qb6 21. a5 Qb7 22. Nc5 Qa7 23. Rxc6 e5 24. Rxd4 exf4 25. Rd8 Qe7 26. Rcd6 Rxd8 27. Rxd8+ Bf8 28. Qd5+ Kg7 29. Bd3 Bb7 30. Nxb7 1-0

[Event "Goch op 23rd"]
[Site "Goch"]
[Date "2012.09.01"]
[Round "4"]
[White "Bengtsson, Tage"]
[Black "Maczkowiak, Thomas"]
[Result "1-0"]
[WhiteElo "2084"]
[BlackElo "1946"]
[PlyCount "135"]
[EventDate "2012.08.30"]
[EventType "swiss"]
[EventRounds "7"]
[EventCountry "GER"]
[SourceTitle "EXT 2015"]
[Source "ChessBase"]
[SourceDate "2014.11.20"]
[SourceVersion "1"]
[SourceVersionDate "2014.11.20"]
[SourceQuality "1"]

1. d4 Nf6 2. c4 g6 3. Nc3 d5 4. Bg5 Ne4 5. Bh4 Nxc3 6. bxc3 Bg7 7. e3 c5 8. Nf3 Nc6 9. Bd3 0-0 10. 0-0 dxc4 11. Bxc4 Qc7 12. Bg3 e5 13. Bb5 Bg4 14. Bxc6 bxc6 15. dxe5 Bxf3 16. Qxf3 Bxe5 17. Rfd1 Bxg3 18. Qxg3 Qxg3 19. hxg3 Rfd8 20. Kf1 Kf8 21. Ke2 Ke7 22. Rxd8 Rxd8 23. Rb1 Rd7 24. g4 f6 25. Rb2 Ke6 26. Rd2 Rxd2+ 27. Kxd2 Kd5 28. Kd3 c4+ 29. Kd2 g5 30. f3 h6 31. e4+ Ke5 32. g3 Ke6 33. Kc2 Kd6 34. Kb2 Kc5 35. f4 Kb5 36. Ka3 a6 37. Kb2 Kc5 38. Kc1 Kd6 39. Kc2 Kc5 40. Kb2 Kb6 41. Ka3 Kb5 42. f5 Kc5 43. Ka4 Kd6 44. Ka5 Ke5 45. Kxa6 Kxe4 46. Kb6 Kd3 47. a4 Kxc3 48. a5 Kd3 49. a6 c3 50. a7 c2 51. a8Q c1Q 52. Qd8+ Ke2 53. Qxf6 Qe3+ 54. Kxc6 Qe4+ 55. Kd6 Qxg4 56. Qe5+ Kf1 57. f6 Qb4+ 58. Ke6 Qb3+ 59. Ke7 Qb7+ 60. Kf8 Qh7 61. f7 Qg6 62. Ke7 Qh7 63. Qe6 Kg2 64. Ke8 Qb1 65. f8Q Qb8+ 66. Kf7 Qc7+ 67. Kg6 Qc2+ 68. Qff5 1-0

[Event "Goch op 23rd"]
[Site "Goch"]
[Date "2012.09.01"]
[Round "5"]
[White "Nabuurs, Joep"]
[Black "Bengtsson, Tage"]
[Result "1/2-1/2"]
[WhiteElo "2215"]
[BlackElo "2084"]
[PlyCount "198"]
[EventDate "2012.08.30"]
[EventType "swiss"]
[EventRounds "7"]
[EventCountry "GER"]
[SourceTitle "EXT 2015"]
[Source "ChessBase"]
[SourceDate "2014.11.20"]
[SourceVersion "1"]
[SourceVersionDate "2014.11.20"]
[SourceQuality "1"]

1. e4 c6 2. Nf3 d5 3. Nc3 Bg4 4. h3 Bxf3 5. Qxf3 e6 6. d4 Nd7 7. Bf4 Bb4 8. exd5 exd5 9. Bd3 Ngf6 10. 0-0 0-0 11. Ne2 Re8 12. Ng3 Nf8 13. Nf5 Ng6 14. Bg5 Re6 15. c3 Be7 16. Rfe1 Qf8 17. Rxe6 fxe6 18. Nxe7+ Qxe7 19. Bxg6 hxg6 20. Re1 Re8 21. Qe2 Qf7 22. Bf4 Nd7 23. Bg3 Qf6 24. b3 c5 25. Qb5 Re7 26. Be5 Qg5 27. Bd6 Rf7 28. dxc5 e5 29. Qxb7 Qd2 30. Rf1 e4 31. c6 Nb6 32. Qb8+ Kh7 33. Qe8 Rf5 34. Bc5 Qxc3 35. b4 d4 36. Bxb6 axb6 37. Qxe4 d3 38. Rd1 d2 39. Qh4+ Rh5 40. Qd8 Qxc6 41. Qxd2 Qc4 42. a4 Qb3 43. a5 bxa5 44. bxa5 Qa4 45. Qd4 Qxd4 46. Rxd4 Rxa5 47. Kh2 Ra3 48. f3 Kh6 49. Kg3 Ra2 50. f4 Ra5 51. Kg4 Rb5 52. Re4 Kh7 53. g3 Rb3 54. Re5 Ra3 55. h4 Rb3 56. Rg5 Ra3 57. h5 gxh5+ 58. Kxh5 Kg8 59. Kh4 Ra4 60. Rb5 Kf7 61. Kg5 Ra7 62. g4 Rc7 63. Rb6 Ra7 64. f5 Rc7 65. Kh5 Rc1 66. Rb7+ Kf8 67. g5 Rc6 68. g6 Rc8 69. Rf7+ Kg8 70. Kg5 Ra8 71. Rd7 Rb8 72. Kf4 Re8 73. Ra7 Kf8 74. Rd7 Kg8 75. Rd6 Kf8 76. Re6 Ra8 77. Re4 Rb8 78. Ra4 Re8 79. Ra6 Rb8 80. Ke5 Re8+ 81. Re6 Rd8 82. Rd6 Re8+ 83. Kd5 Rc8 84. Rd7 Ra8 85. Kd6 Ra6+ 86. Ke5 Ra5+ 87. Ke6 Ra6+ 88. Rd6 Ra8 89. Rb6 Re8+ 90. Kd7 Ra8 91. Rd6 Ra5 92. Ke6 Ra8 93. Rc6 Rd8 94. Rc1 Re8+ 95. Kd7 Re7+ 96. Kd6 Re8 97. Rh1 Kg8 98. Kd7 Re5 99. Rf1 Ra5 1/2-1/2

[Event "SWE-chT2 1011"]
[Site "Sweden"]
[Date "2011.02.04"]
[Round "5"]
[White "Linusson, Lasse"]
[Black "Bengtsson, Tage"]
[Result "0-1"]
[WhiteElo "2053"]
[BlackElo "2035"]
[PlyCount "88"]
[EventDate "2010.10.23"]
[EventType "team-tourn"]
[EventRounds "9"]
[EventCountry "SWE"]
[SourceTitle "EXT 2012"]
[Source "ChessBase"]
[SourceDate "2011.11.24"]
[SourceVersion "1"]
[SourceVersionDate "2011.11.24"]
[SourceQuality "1"]
[WhiteTeam "Burgsvik Alva"]
[BlackTeam "Majorna"]
[WhiteTeamCountry "SWE"]
[BlackTeamCountry "SWE"]

1. e4 c6 2. Nf3 d5 3. Nc3 dxe4 4. Nxe4 Nf6 5. Qe2 Nxe4 6. Qxe4 Nd7 7. Bc4 Nf6 8. Qe2 e6 9. d4 Qc7 10. c3 Be7 11. Bg5 0-0 12. 0-0 c5 13. Rfe1 a6 14. a4 Bd7 15. a5 cxd4 16. Nxd4 Nd5 17. Bxe7 Nxe7 18. Bb3 Nc6 19. Nxc6 Bxc6 20. Bc2 Rad8 21. Red1 Rxd1+ 22. Qxd1 Rd8 23. Qe1 Qf4 24. Rd1 Rxd1 25. Qxd1 Qg5 26. f3 Qxa5 27. h3 g6 28. Kh1 Qe5 29. Qd2 Kg7 30. b4 Bd5 31. Kg1 Bc4 32. Kf2 b6 33. f4 Qd5 34. Qe3 Qd6 35. Be4 a5 36. bxa5 bxa5 37. g4 a4 38. h4 a3 39. h5 gxh5 40. f5 exf5 41. gxf5 h6 42. Qf3 Qd2+ 43. Kg1 Qg5+ 44. Kh1 Qh4+ 0-1

[Event "SWE-chT2 1011"]
[Site "Sweden"]
[Date "2011.01.15"]
[Round "4"]
[White "Bengtsson, Tage"]
[Black "Marchand, Erick"]
[Result "1/2-1/2"]
[WhiteElo "2035"]
[BlackElo "2196"]
[PlyCount "61"]
[EventDate "2010.10.23"]
[EventType "team-tourn"]
[EventRounds "9"]
[EventCountry "SWE"]
[SourceTitle "EXT 2012"]
[Source "ChessBase"]
[SourceDate "2011.11.24"]
[SourceVersion "1"]
[SourceVersionDate "2011.11.24"]
[SourceQuality "1"]
[WhiteTeam "Majorna"]
[BlackTeam "Wasa"]
[WhiteTeamCountry "SWE"]
[BlackTeamCountry "SWE"]

1. d4 d5 2. c4 e6 3. Nc3 c5 4. cxd5 cxd4 5. Qxd4 Nc6 6. Qd1 exd5 7. e3 Nf6 8. Nf3 Bd6 9. Be2 0-0 10. 0-0 a6 11. b3 Bf5 12. Bb2 Rc8 13. Nd4 Nxd4 14. Qxd4 Re8 15. Rac1 Be5 16. Qh4 Rc6 17. Bf3 Qa5 18. b4 Qc7 19. Na4 Bxb2 20. Rxc6 Qxc6 21. Nxb2 Ne4 22. Qf4 Bg6 23. Nd3 Qc3 24. Rd1 Nd2 25. Ne1 Nxf3+ 26. Nxf3 Bh5 27. Qd4 Qa3 28. Qxd5 Bxf3 29. gxf3 Qxb4 30. f4 h6 31. Qd4 1/2-1/2